Statistics for 拼音K/O/R开头的中国县级行政区County-Level Regions Starts with Pinyin K/O/R inChina

Click here to take the quiz!

General Stats

  • This quiz has been taken 14 times
  • The average score is 42 of 90

Answer Stats

答案% Correct
库尔勒市
92%
喀什市
92%
库车市
92%
宽甸满族自治县
77%
宽城区
77%
康定市
77%
宽城满族自治县
77%
开阳县
77%
任丘市
69%
昆玉市
69%
榕城区
69%
开原市
69%
汝南县
69%
开平市
69%
开平区
69%
乳山市
69%
瑞安市
69%
克山县
69%
润州区
69%
瓯海区
62%
可克达拉市
62%
昆山市
62%
奎屯市
62%
容县
62%
仁怀市
62%
荣成市
62%
垦利区
62%
如东县
62%
凯里市
62%
瑞昌市
62%
任城区
54%
荣县
54%
容城县
54%
如皋市
54%
芮城县
54%
崆峒区
54%
若羌县
54%
开江县
54%
科尔沁区
54%
开州区
54%
康平县
54%
汝州市
46%
仁和区
46%
让胡路区
46%
瑞金市
46%
汝阳县
46%
融安县
46%
矿区
46%
瑞丽市
38%
康乐县
38%
科尔沁左翼后旗
38%
饶河县
38%
饶平县
38%
科尔沁左翼中旗
38%
融水苗族自治县
38%
克东县
38%
荣昌区
38%
仁寿县
38%
喀喇沁旗
38%
开远市
31%
日土县
31%
榕江县
31%
汝城县
31%
柯城区
31%
柯桥区
31%
饶阳县
31%
科尔沁右翼前旗
31%
科尔沁右翼中旗
31%
奎文区
31%
喀喇沁左翼蒙古族自治县
31%
库伦旗
31%
乳源瑶族自治县
23%
开化县
23%
若尔盖县
23%
开福区
23%
克什克腾旗
23%
康县
23%
克拉玛依区
23%
柯坪县
23%
壤塘县
23%
任泽区
23%
康保县
15%
康马县
15%
仁化县
15%
昆都仑区
15%
卡若区
15%
岢岚县
15%
康巴什区
8%
开鲁县
8%
仁布县
8%

Score Distribution

Percentile by Number Answered

Percent of People with Each Score

Your Score History

You have not taken this quiz